000 01381nam a22002537a 4500
003 Uzh_bibl
008 260501b |||||||| |||| 00| 0 ukr d
020 _c0.95
040 _aукр.
041 _2ukr
_aukr
080 _a821(477)
090 _a821(477)
_bМ 76
100 _aМолякевич, Дмитро
245 _aВірші
_hТекст
260 _aКиїв
_bДніпро
_c1986
300 _a215 с.
_fВ опр.
520 _aДо збірки українського радянського поета ввійшли кращі його твори з попередніх видань. Автор гострим сатиричним пером бореться проти тих негативних явищ, які супротивні нашому способу життя, з посмішкою пише про слабкості, що їх часом виявляють люди.
521 _aДля широкого кола читачів
546 _aукр.
650 _aЛітературно-художнє видання
_yХХ століття (радянський період, сучасне автору життя)
_zУкраїна
653 _aСатира
_aГумор
_aЛюдина
_aНедоліки
_aСуспільство
655 _aПоезія (гумор і сатира)
_vГумор і сатира
942 _2udc
_cBK
999 _c17606
_d17606